Pistes de ski Verbier 4 vallées - Statistiques

Statistiques générales
  • Ce quiz a été pris 67 fois
  • Le résultat moyen est 10 sur 75
Statistiques - réponses
Difficultée Station: Piste : % Correct
Noir Verbier mont fort
57%
Bleu Nendaz tortin
57%
Rouge Thyon ours
49%
Itineraire Nendaz plan du fou
49%
Noir Nendaz plan du fou
49%
Rouge Nendaz plan du fou
49%
Itineraire Verbier mont gelé
41%
Itineraire Verbier gentianes
38%
Rouge Verbier gentianes
38%
Noir Thyon etherolla
35%
Itineraire Verbier chassoure
32%
Rouge Thyon cheminée
24%
Rouge Verbier chaux
22%
Bleu Verbier chaux
22%
Rouge Nendaz combatseline
22%
Rouge Thyon les masses
22%
Rouge Nendaz prarion
22%
Itineraire Verbier col des mines
19%
Rouge Nendaz jean-pierre
19%
Bleu Nendaz jean-pierre
19%
Bleu La Tzoumaz taillay
19%
Bleu Nendaz dent
16%
Noir Bruson pasay
16%
Rouge Verbier tournelle
16%
Bleu Thyon trabanta
16%
Bleu Verbier esserts
14%
Bleu Thyon joc
14%
Rouge Nendaz la nationale
14%
Bleu Verbier rouge
14%
Itineraire La Tzoumaz valon d'arbi
14%
Rouge Verbier fontanet
11%
Bleu Verbier lacs
11%
Rouge Thyon les chottes
11%
Noir Thyon les cretes
11%
Rouge Thyon tsa
11%
Noir Verbier FIS
8%
Rouge Thyon matze
8%
Rouge Bruson moay
8%
Bleu Verbier carrefour
5%
Rouge La Tzoumaz etablons
5%
Bleu Nendaz l'alpage
5%
Itineraire Thyon l'eteygeon
5%
Bleu Thyon piccolo
5%
Rouge Verbier sud
5%
Bleu Thyon bambino 1
3%
Bleu Thyon bambino 2
3%
Itineraire Verbier clambin
3%
Rouge Verbier combe
3%
Rouge La Tzoumaz combe du nord
3%
Bleu Thyon drus
3%
Rouge Bruson grand tsai
3%
Noir Thyon greppon blanc 3
3%
Rouge Thyon greppon blanc inferieur
3%
Noir Thyon greppon blanc superieur
3%
Rouge Verbier lacs 2
3%
Rouge Thyon muraz
3%
Rouge Bruson pissevache
3%
Bleu Verbier route de médran
3%
Rouge Thyon theytaz 2
3%
Bleu Verbier bleue a fernand
0%
Rouge Verbier cabane
0%
Rouge La Tzoumaz coeur inferieur
0%
Rouge La Tzoumaz coeur superieur
0%
Bleu Verbier etiértses
0%
Bleu Verbier grands creux
0%
Rouge Verbier hattey
0%
Rouge Thyon meina
0%
Bleu Bruson moneyeu
0%
Itineraire Verbier mont gelé-chaux
0%
Itineraire Bruson otanes
0%
Rouge Verbier planards
0%
Bleu La Tzoumaz route du marteau
0%
Rouge Bruson sur le six
0%
Rouge Verbier tsarbonnné
0%
Rouge Thyon veyzonnaz
0%
Aucun quiz correspondant
Distribution des résultats
% des personnes avec chaque résultat
Percentile par nombre de réponses
Votre historique - résultats
Vous n’avez pas pris ce quiz